000 01028nam a22003017a 4500
001 4945020
003 OSt
005 20210426114041.0
008 960626s1996 nyuab b 001 0 eng
010 _a 96031492
020 _a0684811642
040 _aDLC
_cDLC
_dDLC
050 0 0 _aD860
_b.H86 1996
080 _a008
_bH-92
082 0 0 _a909.82/9
_220
100 1 _aHuntington, Samuel P.
245 1 4 _aThe clash of civilizations and the remaking of world order /
_cSamuel P. Huntington.
260 _aNew York :
_bSimon & Schuster,
_cc1996.
300 _a367 p. :
_bill., maps ;
_c25 cm.
504 _aIncludes bibliographical references and index.
650 0 _aWorld politics
_y1989-
650 0 _aPost-communism.
650 0 _aCivilization, Modern
_y1950-
653 _aცივილიზაცია
906 _a7
_bcbc
_corignew
_d1
_eocip
_f19
_gy-gencatlg
942 _2udc
_cBK
999 _c998
_d998